000 00570cam a22001814a 4500
020 _a9780821388372
020 _a0821388371
040 _cDLC
082 0 0 _a333 AUS 2011 A070 Or.
245 0 0 _aOne goal, two paths :
_bachieving universal access to modern energy in East Asia and the Pacific.
260 _aWashington, D.C :
_bWorld Bank :
_bAustralian Government, AusAID,
_cc2011.
300 _axv, 165 p. :
_bcol. ill., maps ;
_c28 cm.
650 0 _aEnergy policy
650 0 _aPower resources
650 0 _aEnergy policy
650 0 _aPower resources
942 _cEK
999 _c14739
_d14739